Online Catalogue and eLibrary

Gender and party politics / (Record no. 500)

MARC details
000 -LEADER
fixed length control field 00817cam a2200253 a 4500
001 - CONTROL NUMBER
control field 1110152
005 - DATE AND TIME OF LATEST TRANSACTION
control field 20240227051616.0
008 - FIXED-LENGTH DATA ELEMENTS--GENERAL INFORMATION
fixed length control field 940418s1993 enka b 001 0 eng d
020 ## - INTERNATIONAL STANDARD BOOK NUMBER
ISBN 0803986599 (cased)
020 ## - INTERNATIONAL STANDARD BOOK NUMBER
ISBN 0803986602 (pbk) :
040 ## - CATALOGING SOURCE (பட்டியலாக்க மூலம்)
Original cataloging agency Uk
Transcribing agency Uk
Modifying agency DLC
082 ## - DDC Classification
DDC Edition Number 22
Class No. 323.334.
Item Number - Author Mark GEN.
245 00 - TITLE STATEMENT
Title Gender and party politics /
Statement of responsibility, etc. edited by Joni Lovenduski and Pippa Norris.
260 ## - PUBLICATION, DISTRIBUTION, ETC.
Place of publication, distribution, etc. London ;
-- Thousand Oaks, Calif. :
Name of publisher, distributor, etc. Sage Publications,
Date of publication, distribution, etc. 1993.
300 ## - PHYSICAL DESCRIPTION
Extent (e.g. Volumes, Pages etc.) x, 358 p. :
500 ## - GENERAL NOTE
General note Includes index.
650 #0 - SUBJECT ADDED ENTRY--TOPICAL TERM
Topical term or geographic name entry element Women
650 #0 - SUBJECT ADDED ENTRY--TOPICAL TERM
Topical term or geographic name entry element Political parties
700 1# - ADDED ENTRY--PERSONAL NAME
Personal name Lovenduski, Joni.
Relator term (Role) Editor
700 1# - ADDED ENTRY--PERSONAL NAME
Personal name Norris, Pippa.
Relator term (Role) Editor
856 42 - ELECTRONIC LOCATION AND ACCESS
Uniform Resource Identifier <a href="http://www.loc.gov/catdir/enhancements/fy0656/93085415-d.html">http://www.loc.gov/catdir/enhancements/fy0656/93085415-d.html</a>
856 41 - ELECTRONIC LOCATION AND ACCESS
Uniform Resource Identifier <a href="http://www.loc.gov/catdir/enhancements/fy0656/93085415-t.html">http://www.loc.gov/catdir/enhancements/fy0656/93085415-t.html</a>
942 ## - Koha item type (Biblio)
Koha item type Books in Stacks (Lending)
Holdings
Lost status Damaged status Collection code Home library Current library Date acquired Full call number Accession Number Item type
    Lending WERC Library WERC Library 02/27/2024 323.334. GEN. 3642 Books in Stacks (Lending)

© WERC Library